000
00372nam a2200145Ia 4500
008
100122s9999 xx 000 0 und d
082
_b
11776
_a
823.08
100
_a
पानवलकर श्री दा
245
_a
गजगा
260
_b
बा.ल.पाठक
_c
1963
300
_a
146
630
_a
गजगा
730
_a
गजगा
942
_c
BOOK
999
_c
403102
_d
403099